Statistics for Blooket Packs

Click here to take the quiz!

General Stats

  • This quiz has been taken 36 times
    (21 since last reset)
  • The average score is 10 of 16

Answer Stats

When availablePack% Correct
October 1-November 1Spooky Pack
87%
December 1- January 15Blizzard Pack
80%
Valentines Day 22/23Lovely Pack
73%
Year RoundBot Pack
67%
Year RoundBreakfast Pack
60%
St. Patricks Day 22/23Lucky Pack
60%
Year RoundMedieval Pack
60%
Year RoundPirate Pack
60%
Year RoundSpace Pack
60%
Year RoundWonderland Pack
60%
Year RoundAquatic Pack
53%
Year RoundDino Pack
53%
Year RoundOutback Pack
53%
Year RoundSafari Pack
53%
Easter 23/ Spring Break 22Spring Pack
53%
Year RoundIce Monsters Pack
40%

Score Distribution

Percentile by Number Answered

Percent of People with Each Score

Your Score History

You have not taken this quiz since the last reset